| 000 | 00804aam a2200265 i 4500 | ||
|---|---|---|---|
| 999 |
_c33216 _d33216 |
||
| 001 | 768714001 | ||
| 003 | CO-MdFUSB | ||
| 005 | 20180622074753.0 | ||
| 008 | 170710t1997 xxu||||| |||| 00| 0 eng d | ||
| 020 | _a0-8006-3087-4 | ||
| 040 |
_aCO-MdFUSB _bspa _cCO-MdFUSB _dCO-MdFUSBC _erda |
||
| 041 | 0 | _aeng | |
| 082 | 0 | 4 |
_a22 _2230.0411 _bB889t |
| 100 | 1 |
_aBrueggemann, Walter _eautor |
|
| 245 | 1 | 0 |
_aTheology of the Old Testament _b: Testimony, dispute, advocacy _c / Walter Brueggemann |
| 264 | 1 |
_aMinneapolis, MN., USA : _b Fortress, _c[1997] |
|
| 264 | 1 | _c©1997 | |
| 300 |
_aXXI, 777 Páginas _c: 25 cm. _b: |
||
| 336 |
_2rdacontent _a1 _ba1 |
||
| 337 |
_2rdamedia _a2 _b5 |
||
| 338 |
_2rdacarrier _a2 _b5 |
||
| 630 | 0 | 7 |
_aBiblia. _pAntiguo Testamento |
| 650 | 7 |
_aTeología bíblica _9320 |
|
| 942 | _cBK | ||